[Event "FRA-chTB U20 1011"]
[Site "France"]
[Date "2010.12.19"]
[Round "5.8"]
[White "Alary, Antoine"]
[Black "Kocausta, Antoine"]
[Result "1-0"]
[WhiteElo "1220"]
[BlackElo "1630"]
[PlyCount "43"]
[EventDate "2010.11.20"]
[EventType "team-tourn"]
[EventRounds "7"]
[EventCountry "FRA"]
[SourceTitle "EXT 2012"]
[Source "ChessBase"]
[SourceDate "2011.11.24"]
[SourceVersion "1"]
[SourceVersionDate "2011.11.24"]
[SourceQuality "1"]
[WhiteTeam "Potemkine"]
[BlackTeam "Villepinte"]
[WhiteTeamCountry "FRA"]
[BlackTeamCountry "FRA"]

1. e4 e5 2. Nf3 Nc6 3. Bc4 Bc5 4. d3 h6 5. 0-0 Nf6 6. Nc3 0-0 7. Be3 Bb6 8. d4 d6 9. d5 Ne7 10. Bxb6 axb6 11. Qe2 Bg4 12. h3 Bh5 13. Qe3 c5 14. Rad1 Nh7 15. Be2 Bg6 16. Bd3 c4 17. Bxc4 Nf6 18. Nd2 Ra5 19. Rfe1 Qe8 20. a3 b5 21. Ba2 b4 22. axb4 1-0

[Event "FRA-chTB U20 1011"]
[Site "France"]
[Date "2010.12.19"]
[Round "6.8"]
[White "Habiballah, Linda"]
[Black "Alary, Antoine"]
[Result "0-1"]
[WhiteElo "1120"]
[BlackElo "1220"]
[PlyCount "38"]
[EventDate "2010.11.20"]
[EventType "team-tourn"]
[EventRounds "7"]
[EventCountry "FRA"]
[SourceTitle "EXT 2012"]
[Source "ChessBase"]
[SourceDate "2011.11.24"]
[SourceVersion "1"]
[SourceVersionDate "2011.11.24"]
[SourceQuality "1"]
[WhiteTeam "Niort"]
[BlackTeam "Potemkine"]
[WhiteTeamCountry "FRA"]
[BlackTeamCountry "FRA"]

1. e4 e5 2. Nc3 Nf6 3. g3 d5 4. Bg2 Bc5 5. d3 Be6 6. Nf3 Nc6 7. 0-0 0-0 8. Na4 Bb6 9. Nxb6 axb6 10. Be3 dxe4 11. dxe4 Qxd1 12. Raxd1 Rxa2 13. h3 Rxb2 14. c3 Nxe4 15. Rd3 Bc4 16. Rd7 Bxf1 17. Bxf1 Nxc3 18. Rxc7 e4 19. Ng5 Rb1 0-1